KĽÚČOVÉ KOMPETENCIE ŠTUDENTOV TECHNICKÝCH ŠTUDIJNÝCH ODBOROV V NÁRODNOM A EURÓPSKOM KONTEXTE

Bibliographic Details
Main Author: Vašková, Ľubica (Author)
Format: Article
Language:Slovak

MARC

LEADER 00000nab a2200000 a 4500
001 vtls011111040
003 SK-MaSNL
005 20260303150432.0
008 230222|2008 xo |||||||||||||||||slo|
015 |a SNBRB 
035 |a (uuid)61b00b9d-3e54-4845-a31c-6912c30f98f2 
035 |a (urnnbn)urn:nbn:sk:snk:ar-a08f34 
035 |a urn:nbn:sk:snk-ab9hq8 
040 |a SNKBUCL  |b slo  |c SNKBUCL  |e AACR2 
041 0 |a slo 
044 |a xo  |c SK 
100 1 |a Vašková, Ľubica  |4 aut  |9 23992 
245 1 0 |a KĽÚČOVÉ KOMPETENCIE ŠTUDENTOV TECHNICKÝCH ŠTUDIJNÝCH ODBOROV V NÁRODNOM A EURÓPSKOM KONTEXTE  |c Ľubica Vašková 
246 3 |a THE KEY COMPETENCIES OF STUDENTS IN TECHNICAL STUDY BRANCHES WITHIN THE NATIONAL AND EUROPEAN CONTEXT 
773 0 |t Vedecké práce Materiálovotechnologickej fakulty Slovenskej technickej univerzity v Bratislave so sídlom v Trnave  |g Č. 25 (2008), s. 175-179 
954 |a odborná, vedecká literatúra pôvodná (slovenská)  |2 lita 
958 |a OND 
958 |a EUIPO 
958 |a article13 
999 |c 2010598  |d 2012528